[Event "GER-ch U12"]
[Site "Willingen"]
[Date "2007.05.28"]
[Round "3"]
[White "Rosenfeld, Elisabeth"]
[Black "Dressel, Stefanie"]
[Result "1-0"]
[WhiteElo "1207"]
[BlackElo "998"]
[PlyCount "39"]
[EventDate "2007.05.26"]
[EventType "swiss"]
[EventRounds "11"]
[EventCountry "GER"]
[SourceTitle "CBM 118 Extra"]
[Source "ChessBase"]
[SourceDate "2007.07.04"]
[SourceVersion "1"]
[SourceVersionDate "2007.07.04"]
[SourceQuality "1"]

1. e4 c5 2. Nf3 Nc6 3. d4 cxd4 4. Nxd4 g6 5. Nc3 Bg7 6. Be3 Nf6 7. f3 0-0 8. Qd2 d5 9. 0-0-0 Qa5 10. g4 dxe4 11. Nb3 Qc7 12. g5 Nd7 13. Nxe4 Rd8 14. Qg2 f5 15. gxf6 exf6 16. Bc4+ Kf8 17. h4 Nce5 18. Bc5+ Ke8 19. Nd6+ Ke7 20. Nb5+ 1-0